| 000 | 00861nam a2200277 a 4500 | ||
|---|---|---|---|
| 001 | 000023341 | ||
| 005 | 20240424131120.0 | ||
| 008 | 101202s1987 sp 000 0 spa d | ||
| 020 | _a8475840620 | ||
| 040 |
_aDO-SdBNP _bspa _cBNPHU |
||
| 041 | 1 | 7 |
_aspa _heng _2Código de idiomas MARC |
| 082 |
_a333.78 _bF931t |
||
| 100 | 1 |
_aFrome, Michael. _948078 |
|
| 240 | 1 | 0 |
_aPromised lang. _lEspañol |
| 245 | 1 | 0 |
_aTierra de promisión / _cMichael Frome. |
| 260 |
_aBarcelona : _bLaertes, _c1987. |
||
| 300 |
_a300 p. ; _c20 cm. |
||
| 490 | 1 |
_aNan Shan _v30 |
|
| 534 |
_aTítulo original: _tPromised land. |
||
| 650 | 0 |
_aRecursos naturales _9512 |
|
| 610 | 1 | 4 |
_aFROME, MICHAEL _xVIAJES _948079 |
| 650 | 4 |
_aRecursos naturales _xEstados unidos _948080 |
|
| 650 | 4 |
_aEstados unidos _xDescripciones y viajes _948081 |
|
| 830 | 0 |
_aNan Shan ; _v30 _948082 |
|
| 049 | _aBNGR | ||
| 999 |
_c22838 _d22838 |
||